Signal processing and linear systems (Record no. 1319)

000 -LEADER
fixed length control field 00543nam a2200205 a 4500
001 - CONTROL NUMBER
control field 1319
003 - CONTROL NUMBER IDENTIFIER
control field BD-DhUET
008 - FIXED-LENGTH DATA ELEMENTS--GENERAL INFORMATION
fixed length control field 980109s1998 caua b 001 0 eng
020 ## - INTERNATIONAL STANDARD BOOK NUMBER
International Standard Book Number 0941413357
040 ## - CATALOGING SOURCE
Original cataloging agency DLC
Transcribing agency DLC
Modifying agency BD-DhUET
082 00 - DEWEY DECIMAL CLASSIFICATION NUMBER
Classification number 623.22
Item number LAT/1998
100 ## - MAIN ENTRY--PERSONAL NAME
Personal name Lathi B. P.
245 10 - TITLE STATEMENT
Title Signal processing and linear systems
250 ## - EDITION STATEMENT
Edition statement 1st ed
260 ## - PUBLICATION, DISTRIBUTION, ETC. (IMPRINT)
Place of publication, distribution, etc. New York
Name of publisher, distributor, etc. Oxford University Press
Date of publication, distribution, etc. 1998
300 ## - PHYSICAL DESCRIPTION
Extent x, 850 p.
Other physical details ill.
Dimensions 24 cm.
504 ## - BIBLIOGRAPHY, ETC. NOTE
Bibliography, etc Includes bibliographies
650 #0 - SUBJECT ADDED ENTRY--TOPICAL TERM
Topical term or geographic name as entry element Digital signal processing
942 ## - ADDED ENTRY ELEMENTS (KOHA)
Koha item type General Book
Holdings
Date acquired Withdrawn status Koha issues (times borrowed) Damaged status Koha renewals Not for loan Sublocation or collection (holding branch) Koha full call number Source of classification or shelving scheme Price effective from Koha normalized classification for sorting Koha date last borrowed Shelving location Copy number Koha item type Koha date last seen Piece designation (barcode) Lost status Location (home branch)
2014-09-03   2 Central Library, BUET623.22/LAT/1998 2014-09-03623_000000000000000_22LAT1998 Circulation section1General Book2019-09-14103856 Central Library, BUET
2014-09-03     Central Library, BUET623.22/LAT/1998 2014-09-03623_000000000000000_22LAT1998 Circulation section2General Book2014-09-03103857 Central Library, BUET
2014-09-03 1   Central Library, BUET623.22/LAT/1998 2014-09-03623_220000000000000_LAT_19982015-06-13Circulation section3General Book2017-08-19103859 Central Library, BUET
2014-09-03 1   Central Library, BUET623.22/LAT/1998 2014-09-03623_000000000000000_22LAT19982015-10-20Circulation section4General Book2017-01-08103860 Central Library, BUET
2014-09-03 1   Central Library, BUET623.22/LAT/1998 2014-09-03623_000000000000000_22LAT19982015-05-25Circulation section5General Book2017-04-11103863 Central Library, BUET
2014-09-03 1   Central Library, BUET623.22/LAT/1998 2014-09-03623_000000000000000_22LAT19982015-05-25Circulation section6General Book2017-06-13103864 Central Library, BUET
2014-09-03     Central Library, BUET623.22/LAT/1998 2014-09-03623_000000000000000_22LAT1998 Circulation section7General Book2017-08-20103865 Central Library, BUET
2014-11-18     Central Library, BUET623.22/LAT/1998 2014-11-18623_000000000000000_22LAT1998 Circulation section8General Book2017-10-10103858 Central Library, BUET
2014-12-02 1   Central Library, BUET623.22 LAT/1998 2014-12-02623_220000000000000_LAT19982017-04-18Circulation section9General Book2017-05-31103861 Central Library, BUET
2015-06-03   2 Central Library, BUET623.22/LAT/1998 2015-06-03623_220000000000000_LAT_1998 Circulation section10General Book2017-02-06100035 Central Library, BUET
2007-05-28 2   Central Library, BUET623.22/LAT/1998 2017-10-31623_220000000000000_LAT_19982025-09-07Circulation section11General Book2025-09-17103862 Central Library, BUET